000 01266cam a2200265 4500
001 L113168
008 000000n2001 000 0 eng u
035 _a(Sirsi) u113168
100 _aStevenson, S.
245 _aEvaluating the investment attributes and performance of property companies
260 _c2001
490 _aJournal of Property Investment and Finance
_v19(3) 2001, 251-266(16)
520 _aCompares the results obtained when the style analysis technique is applied to a data set adjusted for leverage and general stock market sentiment to assess the investment performance of UK property companies with those obtained using an unadjusted data set. Concludes that there is a high consistency in the rankings obtained but that few of the statistics are significant at conventional levels. Tables, references.
650 _aINVESTMENT PERFORMANCE
650 _aPROPERTY COMPANIES
650 _aPROPERTY INVESTMENT
650 _aPROPERTY PERFORMANCE
650 _aPROPERTY PERFORMANCE MEASUREMENT
650 _aPERFORMANCE ANALYSIS
650 _aPERFORMANCE MEASUREMENT
650 _aSTYLE ANALYSIS
650 _aSTATISTICAL ANALYSIS
690 _aPROPERTY-COMMERCIAL PROPERTY-COMMERCIAL PROPERTY FINANCE AND INVESTMENT
942 _n0
999 _c67390
_d67390